00000000nam 2200000za 4500
0019.590950
003CaOODSP
00520250814120132
007cr |||||||||||
008150406|2001||||xxc|||||o    f|0| 0 fre d
020 |a0-662-86206-6
022 |a1205-9161
040 |aCaOODSP|bfre
043 |an-cn---
0861 |aCS11-0019/174F-IN
1001 |aBaldwin, John R. |q(John Russel)
24500|aImpact de l'adoption des technologies de l'information et des communications de pointe sur la performance des entreprises du secteur de la fabrication au Canada / |h[ressource électronique]|cpar John R. Baldwin et David Sabourin.
260 |aOttawa - Ontario : |bStatistique Canada |cOctobre 2001.
300 |a43p.|bgraphiques, références, tableaux
4901 |aDocuments de recherche - Direction des études analytiques|x1205-9161|vN° 174
500 |aL'ISSN (1200-5231) de l'édition imprimée a été incorrectement copié dans l'édition électronique.
5203 |a« Le présent document s'intéresse à l'évolution de la structure industrielle du secteur de la fabrication au Canada de même qu'a son lien avec le changement technologique en examinant l'adoption de technologie de pointes et son rapport avec le processus de croissance stochastique dans la population des usines »--Résumé
590 |a12-37-Supp|b2012-09-24
7102 |aStatistique Canada.
77508|tImpact of the adoption of advanced information and communication technologies on firm performance in the Canadian manufacturing sector / |w(CaOODSP)9.557950
7760#|tImpact de l'adoption des technologies de l'information et des communications de pointe sur la performance des entreprises du secteur de la fabrication au Canada / |w(CaOODSP)9.625760
830#0|aDocuments de recherche (Statistique Canada. Direction des études analytiques)|x1205-9161|vN° 174|w(CaOODSP)9.500842
85640|ahttp://publications.gc.ca|qPDF|s311 Ko|uhttps://publications.gc.ca/collections/Collection/CS11-0019-174F.pdf|yN° 174